000 00783nam a2200241 i 4500
001 bg
100 1 _aSTARZYK, Franciszek
245 1 0 _aWstęp do fizyki makrocząsteczek :
_bmakrocząsteczki liniowe /
_cFranciszek Starzyk ; Politechnika Krakowska im. Tadeusza Kościuszki.
260 _aKraków :
_bPK,
_c1998.
300 _a111 s. :
_brys., wykr. ;
_c24 cm.
504 _aBibliogr. s. 111.
521 _aSkrypt dla studentów wyższych szkół technicznych.
650 9 _aPolimery
_xfizyka
655 _aPodręczniki akademickie
710 0 _aPolitechnika Krakowska im. Tadeusza Kościuszki
020 _a8390387859
040 _cBPK
041 0 _apl
080 _a539.19(075.8)
920 _a83-903878-5-9
942 _cKS
008 s pl f |000 0 pol
999 _c37872
_d37872
856 _uhttp://koha.tu.koszalin.pl/cgi-bin/koha/opac-detail.pl?biblionumber=37872
_yKatalog online BPK